Standard form of measured term contract (Record no. 93580)

MARC details
000 -LEADER
fixed length control field 00546cam a2200205 4500
001 - CONTROL NUMBER
control field B3308
008 - FIXED-LENGTH DATA ELEMENTS--GENERAL INFORMATION
fixed length control field 090401t1989 xxu||||| |||| 00| 0 eng d
035 ## - SYSTEM CONTROL NUMBER
System control number (Sirsi) u55224
041 ## - LANGUAGE CODE
Language code of text/sound track or separate title eng
050 ## - LIBRARY OF CONGRESS CALL NUMBER
Classification number 692.8
110 ## - MAIN ENTRY--CORPORATE NAME
Corporate name or jurisdiction name as entry element Joint Contracts Tribunal
9 (RLIN) 3664
245 ## - TITLE STATEMENT
Title Standard form of measured term contract
260 ## - PUBLICATION, DISTRIBUTION, ETC.
Place of publication, distribution, etc. London
Name of publisher, distributor, etc. RIBA Publications Ltd
Date of publication, distribution, etc. 1989
300 ## - PHYSICAL DESCRIPTION
Extent 40p. ; 30cm.
350 ## - PRICE (NR) (BK AM CF MU VM SE) [OBSOLETE]
Price 0
650 ## - SUBJECT ADDED ENTRY--TOPICAL TERM
Topical term or geographic name entry element JCT STANDARD FORM OF MEASURED TERM CONTRACT
650 ## - SUBJECT ADDED ENTRY--TOPICAL TERM
Topical term or geographic name entry element MEASURED TERM CONTRACTS
942 ## - ADDED ENTRY ELEMENTS (KOHA)
Suppress in OPAC 0
948 ## - LOCAL PROCESSING INFORMATION (OCLC); SERIES PART DESIGNATOR (RLIN)
c (OCLC) 04/03/1997
Holdings
Withdrawn status Lost status Source of classification or shelving scheme Damaged status Not for loan Home library Current library Shelving location Date acquired Total Checkouts Full call number Barcode Date last seen Copy number Price effective from Koha item type
    Dewey Decimal Classification     London London Boxed set 14/09/1999   JCT 1989/5 30016256 06/08/2019 1 06/08/2019 Reference material